[Event "Kiel op 31st"]
[Site "Kiel"]
[Date "2018.07.30"]
[Round "5"]
[White "Brinckmann, Dieter"]
[Black "Lorenzen, Jan Hendrik"]
[Result "0-1"]
[WhiteElo "1870"]
[BlackElo "2024"]
[PlyCount "72"]
[EventDate "2018.07.28"]
[EventType "swiss"]
[EventRounds "9"]
[EventCountry "GER"]
[SourceTitle "CBM 185 Extra"]
[Source "ChessBase"]
[SourceDate "2018.07.29"]
[SourceVersion "1"]
[SourceVersionDate "2018.07.29"]
[SourceQuality "1"]

1. d4 Nf6 2. c4 c5 3. d5 b5 4. cxb5 a6 5. bxa6 Bxa6 6. Nc3 g6 7. e4 Bxf1 8. Kxf1 d6 9. Nge2 Bg7 10. g3 Nbd7 11. Qc2 0-0 12. Kg2 Qa5 13. Rb1 Rfb8 14. Bd2 Qa6 15. a4 e6 16. Rhe1 exd5 17. exd5 Nb6 18. b3 Nbxd5 19. Nb5 Qc6 20. Kg1 Nd7 21. Ned4 Qa6 22. Ne2 Ne5 23. Qe4 Nf6 24. Qg2 Rc8 25. Nf4 c4 26. Nd5 Nxd5 27. Qxd5 Rc5 28. Qg2 cxb3 29. Be3 Rc4 30. Nxd6 Rxa4 31. Qd5 Ra5 32. Bc5 Rxc5 33. Qxc5 Nf3+ 34. Kg2 Nxe1+ 35. Rxe1 Rd8 36. Qc7 Qxd6 0-1

[Event "BL2-Nord 1011"]
[Site "Germany"]
[Date "2011.02.06"]
[Round "6.8"]
[White "Meissner, Felix"]
[Black "Brinckmann, Dieter"]
[Result "1-0"]
[WhiteElo "2198"]
[BlackElo "1856"]
[PlyCount "113"]
[EventDate "2010.10.10"]
[EventType "team-tourn"]
[EventRounds "9"]
[EventCountry "GER"]
[SourceTitle "EXT 2012"]
[Source "ChessBase"]
[SourceDate "2011.11.24"]
[SourceVersion "1"]
[SourceVersionDate "2011.11.24"]
[SourceQuality "1"]
[WhiteTeam "Hamburger SK II"]
[BlackTeam "Zehlendorf"]
[WhiteTeamCountry "GER"]
[BlackTeamCountry "GER"]

1. e4 e6 2. d4 d5 3. Nd2 Nf6 4. e5 Nfd7 5. Bd3 c5 6. c3 Nc6 7. Ne2 Qb6 8. Nf3 cxd4 9. cxd4 Bb4+ 10. Bd2 f6 11. exf6 Nxf6 12. 0-0 0-0 13. a3 Bxd2 14. Qxd2 Na5 15. Qb4 Qxb4 16. axb4 Nc6 17. b5 Nb4 18. Bb1 Bd7 19. Nc3 a5 20. Ne5 b6 21. Re1 Be8 22. f3 g6 23. Re3 Kg7 24. g3 Rc8 25. Kg2 Rc7 26. f4 Rc8 27. h3 Rc7 28. Nf3 Bf7 29. Ne5 Be8 30. Re2 Rc8 31. Re3 Rc7 32. Nf3 Bd7 33. Ng5 Re8 34. Kf2 Rcc8 35. Ke2 h6 36. Nf3 Rf8 37. Ne5 Be8 38. Nf3 Bf7 39. Kd2 Nh5 40. Ne5 Be8 41. Bd3 Nf6 42. Rae1 g5 43. fxg5 hxg5 44. Bb1 Nd7 45. Nf3 Bg6 46. Bxg6 Kxg6 47. Rxe6+ Rf6 48. Rxf6+ Kxf6 49. Rf1 Kg6 50. h4 gxh4 51. Nxh4+ Kg5 52. Rf7 Nf8 53. Rg7+ Kf6 54. Rb7 Rc4 55. Rxb6+ Kf7 56. Nf3 Ne6 57. Ne5+ 1-0

[Event "Berlin op 10"]
[Site "Berlin"]
[Date "2005.11.10"]
[Round "5"]
[White "Brinckmann, Dieter"]
[Black "Hoffmann, Michael3333"]
[Result "1-0"]
[WhiteElo "1736"]
[BlackElo "1897"]
[PlyCount "35"]
[EventDate "2005.10.13"]
[EventType "swiss"]
[EventRounds "7"]
[EventCountry "GER"]
[SourceTitle "EXT 2007"]
[Source "ChessBase"]
[SourceDate "2006.11.23"]
[SourceVersion "1"]
[SourceVersionDate "2006.11.23"]
[SourceQuality "1"]

1. d4 d5 2. c4 e6 3. Nc3 c6 4. Nf3 dxc4 5. e4 b5 6. e5 Bb7 7. Ng5 Qd7 8. Be3 Na6 9. Be2 Ne7 10. Nce4 Nd5 11. 0-0 h6 12. Nh3 Be7 13. Nf4 Ndc7 14. Bh5 Rd8 15. Ng6 fxg6 16. Bxg6+ Kf8 17. Qf3+ Kg8 18. Qf7# 1-0

[Event "Berlin op 10"]
[Site "Berlin"]
[Date "2005.10.13"]
[Round "1"]
[White "Brinckmann, Dieter"]
[Black "Lueders, Gerhard"]
[Result "0-1"]
[WhiteElo "1736"]
[BlackElo "2161"]
[PlyCount "72"]
[EventDate "2005.10.13"]
[EventType "swiss"]
[EventRounds "7"]
[EventCountry "GER"]
[SourceTitle "EXT 2007"]
[Source "ChessBase"]
[SourceDate "2006.11.23"]
[SourceVersion "1"]
[SourceVersionDate "2006.11.23"]
[SourceQuality "1"]

1. d4 Nf6 2. c4 e6 3. Nc3 Bb4 4. Bd2 b6 5. Nf3 Bb7 6. a3 Bxc3 7. Bxc3 Ne4 8. Rc1 0-0 9. e3 d6 10. Be2 Nd7 11. 0-0 f5 12. Be1 Rf6 13. Nh4 Rh6 14. f3 Ng5 15. f4 Nf7 16. Bf3 Be4 17. Bxe4 fxe4 18. f5 e5 19. dxe5 Ndxe5 20. Qd5 Nd3 21. f6 g6 22. Qxe4 Nxc1 23. Qc2 Na2 24. b3 Qe8 25. Nf3 Qxe3+ 26. Bf2 Qc3 27. Qxa2 c5 28. Qe2 Qxf6 29. Qe4 Rf8 30. Be3 g5 31. Qd5 Qe6 32. Qd3 Rf6 33. Re1 Ne5 34. Qxh7+ Kxh7 35. Nxg5+ Kg6 36. Nxe6 Rxe6 0-1